Southville International School and Colleges

Strange Stories from the Lodge of Leisures (Record no. 267020)

000 -LEADER
fixed length control field 01324cam a22002653a 4500
001 - CONTROL NUMBER
control field 37766
003 - CONTROL NUMBER IDENTIFIER
control field PGUSA
005 - DATE AND TIME OF LATEST TRANSACTION
control field 20140828083829.0
008 - FIXED-LENGTH DATA ELEMENTS--GENERAL INFORMATION
fixed length control field 111016s2011||||xxu|||||s|||||000 1 eng d
040 ## - CATALOGING SOURCE
Original cataloging agency PGUSA
Language of cataloging eng
042 ## - AUTHENTICATION CODE
Authentication code dc
050 #4 - LIBRARY OF CONGRESS CALL NUMBER
Classification number PL
100 1# - MAIN ENTRY--PERSONAL NAME
Personal name Pu, Songling,
Dates associated with a name 1640-1715
245 10 - TITLE STATEMENT
Title Strange Stories from the Lodge of Leisures
Medium [electronic resource] /
Statement of responsibility, etc Songling Pu
260 ## - PUBLICATION, DISTRIBUTION, ETC. (IMPRINT)
Name of publisher, distributor, etc Project Gutenberg,
Date of publication, distribution, etc 2011
505 0# - FORMATTED CONTENTS NOTE
Formatted contents note The ghost in love -- The fresco -- The dwarf hunters -- The corpse of the blood-drinker -- Love rewarded -- The woman in green -- The fault and its consequences -- Deceiving shadows -- Peaceful-light -- Hong the currier -- Autumn-moon -- The princess Nelumbo -- The two brothers -- The marble arch -- The dutiful son -- Through many lives -- The river of sorrows -- The mysterious island -- The spirit of the river -- The devils-of-the-ocean -- Unknown devils -- Childless -- The patch of lamb's skin -- Love's-slave -- The laughing ghost.
506 ## - RESTRICTIONS ON ACCESS NOTE
Terms governing access Public domain in the USA.
516 ## - TYPE OF COMPUTER FILE OR DATA NOTE
Type of computer file or data note Electronic text
653 ## - INDEX TERM--UNCONTROLLED
Uncontrolled term Chinese fiction -- Translations into English
653 ## - INDEX TERM--UNCONTROLLED
Uncontrolled term Ghost stories, Chinese
700 1# - ADDED ENTRY--PERSONAL NAME
Personal name Soulié de Morant, G.
Fuller form of name (Georges),
Dates associated with a name 1878-1955
830 #0 - SERIES ADDED ENTRY--UNIFORM TITLE
Uniform title Project Gutenberg
Volume number/sequential designation 37766
856 40 - ELECTRONIC LOCATION AND ACCESS
Uniform Resource Identifier http://www.gutenberg.org/ebooks/37766
942 ## - ADDED ENTRY ELEMENTS (KOHA)
Koha item type eBooks
Holdings
Date last seen Lost status Price effective from Withdrawn status Damaged status Permanent Location Current Location Date acquired Koha item type
2014-08-28 2014-08-28  Project GutenbergProject Gutenberg2014-08-28eBooks
Powered by Koha